1932 1417 1478 1793 1098 1816 1183 1290 1695 1012 1098 1129 1202 1950 1696 1490 1294 1036 1761 1927 1441 1344 1229 1970 1123 1013 1997 1356 1630 1604 1602 1953 1002 1669 1818 1622 1337 1884 1600 1490 1835 1945 1646 1030 1606 1602 1729 1105 1544 1494 1370 1620 1082 1272 1357 1406 1265 1022 1652 1187 1687 1466 1343 1146 1345 1248 1756 1422 1372 1520 1457 1921 1276 1634 1996 1185 1611 1098 1223 1842 1885 1284 1959 1479 1400 1060 1925 1579 1923 1129 1033 1601 1967 1598 1944 1759 1529 1469 1748 BCNSPRNW ULIB Ver.6.0+V

เปลี่ยนเป็นภาษาไทย

Change to English
 แสดงรายละเอียดบรรณานุกรม
  กลับหน้าหลัก

Brief Record : Get Marc (ISO 2709) : E-mail record : QR code < ปิดหน้าต่าง
LEADER : 00000nam 2200000uu 4500
001    13399111103
003     ULIB
008    110616s||||||||th 000 0 tha d
020    9749217934
050  4 BF441^bส824ก ล.10 2547
100 0  สุวิทย์ มูลคำ
245 10 กลยุทธ์--การสอนคิดแก้ปัญหา 10/^cสุวิทย์ มูลคำ
246 30 การสอนคิดแก้ปัญหา
246 33 Problem solving thinking
250    พิมพ์ครั้งที่ 1
260    กรุงเทพฯ :^bภาพพิมพ์,^c2547
300    156 หน้า :^bภาพประกอบ ;^c26 ซม.
440  0 ครบเครื่องเรื่องการคิด ;^v10
500    ชื่อเรื่องจากปก
650  7 ความคิดและการคิด^xการศึกษาและการสอน
650  7 การแก้ปัญหา^xการศึกษาและการสอน
945    ^p150^l0^i017867
945    ^p150^l0^i017866
995    ทศพร
999 ^a ใช้งานได้ทุกระบบ
รายการนี้ยังไม่มีแท็ก
คุณยังไม่ได้ล็อกอิน คุณสามารถมีกิจกรรมร่วมกับเว็บไซต์ได้ แต่ต้องล็อกอินก่อน ::
  ล็อกอิน

รายการสื่อสารสนเทศ

ลำดับที่ ประเภท เลขเรียก/บาร์โค้ด สถานที่ สถานะ
- ไม่พบข้อมูล -

รายการใกล้เคียง
    ผู้แต่ง [สุวิทย์ มูลคำ]

BibComment


ยังไม่เคยถูกคอมเมนท์

คอมเมนท์ทรัพยากรรายการนี้
  คอมเมนท์: กลยุทธ์การสอนคิดแ..


 Copyright 2026. Bcnsprnw @Library